Use of RRIM analytical services (Record no. 71931)

MARC details
000 -LEADER
fixed length control field 00524nam a2200217Ia 4500
100 ## - MAIN ENTRY--AUTHOR NAME
Personal name Mohinder Singh M
245 #0 - TITLE STATEMENT
Title Use of RRIM analytical services
260 ## - PUBLICATION, DISTRIBUTION, ETC. (IMPRINT)
Name of publisher Planters Bulletin
Year of publication 1984
300 ## - PHYSICAL DESCRIPTION
Number of Pages 87-103
650 ## - SUBJECT ADDED ENTRY--TOPICAL TERM
Topical Term Dry rubber analysis
650 ## - SUBJECT ADDED ENTRY--TOPICAL TERM
Topical Term Fertiliser analysis
650 ## - SUBJECT ADDED ENTRY--TOPICAL TERM
Topical Term Latex analysis
650 ## - SUBJECT ADDED ENTRY--TOPICAL TERM
Topical Term Sampling
700 ## - ADDED ENTRY--PERSONAL NAME
Personal name Fah L P
700 ## - ADDED ENTRY--PERSONAL NAME
Personal name Huat T K
700 ## - ADDED ENTRY--PERSONAL NAME
Personal name Kian L C
700 ## - ADDED ENTRY--PERSONAL NAME
Personal name Kwong S P
700 ## - ADDED ENTRY--PERSONAL NAME
Personal name Ming Y W
942 ## - ADDED ENTRY ELEMENTS (KOHA)
Koha item type Journals
Holdings
Withdrawn status Lost status Damaged status Not for loan Home library Current library Shelving location Date acquired Serial Enumeration / chronology Koha item type
      Journals RRII Library RRII Library Rubber general 17/12/2021 Volume 180, Issue Journals